01062 a2200181 4500003000500000005001700005010001300022040000900035082001600044100002100060245009200081250001100173260002600184300001700210505055800227600002200785650007300807Nust20230131131010.0 a59008838 cNust a940.546,DAV aDavidson, Eugene aThe death and life of Germany;ban account of the American occupationcEugene Davidson, a1st ed aKnopfbNew Yorkc1959 a422 pb22 cm aThe Face of the Enemy (Page-3), The Faces of the Friends (Page-23), Landscape of the Moon with Figures (Page-47), Berlin and the four Powers (Page-70), The Trails (Page-97), Learning by Doing (Page-127), The Dead Center (Page-157), The Year of the Blockade (Page-182), West Germany (Page-222), Petersberg and the new Criticism (Page-249), The Recovery (Page-268), The Alliance (Page-292), The Contracts (Page-312), The Uprising of June 17, 1953 (Page-326), A Most Favored Nation (Page-348), The Way to Sovereignty (Page-359) ,A beginning (Page-382).  aDavidson, Eugene, aThe death and life of Germany; an account of the American occupation